000
00228nam a22000857a 4500
008
170119b xxu||||| |||| 00| 0 eng d
100
_9
2493
_a
Seely.J.
245
_a
Oxford A-Z of Grammar & Puntuation
260
_a
New Delhi
_b
Oxford
_c
2011
999
_c
5559
_d
5559